01163nam a2200181 a 450000100060000000300090000600800410001504000280005608200170008410000310010124500680013226000310020030000190023150506060025065000470085665000410090365000370094421132CO-ViMGA141112s2004 ck r 000 u spa d aCO-ViMGAbspacCO-ViMGA04a332.26 R637n1 aRodríguez Azuero, Sergio10aNegocios fiduciarios : bsu significación en América Latina aBogotá : bLegis, c2007 a663p.+CD - ROM aAproximación histórica a la noción de fiducia Antecedentes próximos y desarrollo de la figura La fiducia en Colombia La fiducia en el derecho LatinoAméricano La convencion de la Haya sobre el Trust El proyecto de la Ley francesa sobre fiducia Fiducia mercantil El acto jurídico en general El contrato de fideicomiso o fiducia mercantil Responsabilidad civil del fiduciario Negocios y productos fiduciarios Principales productos fiduciarios Productos derivados de la fiducia pública Aspectos tecnicos del negocio fiduciario Regulación fiscal y contable del contrato de fiducia mercantil14aCOMPAÑIAS FIDUCIARIAS - América LATINA14aDERECHO COMERCIAL - América LATINA14aFIDUCIA - LEGISLACION - COLOMBIA